LEADER 01384nam0-22003491i-450- 001 990004579980403321 005 20131127115221.0 035 $a000457998 035 $aFED01000457998 035 $a(Aleph)000457998FED01 035 $a000457998 100 $a19990604d1969----km-y0itay50------ba 101 1 $aita 102 $aIT 105 $ay-------101yy 200 1 $a<>Nuovo Catechismo Olandese$eannuncio della fede agli uomini di oggi con la "dichiarazione della Commissione Cardinalizia" del 15 ottobre 1968 e il "Supplemento al Nuovo testamento"$f[redatto dall'Istituto superiore di catechetica di Nimega] 205 $a[Ed. italiana a cura del Centro catechistico salesiano di Torino-Leumann]. - Ed. integrale. 210 $aTorino$cElle Di Ci$dc1969 215 $aXIX 619, 93 p.$d21 cm 300 $aTrad. di: A. Manzino, M. L. van Wassenaer-Crocini, A. Pronzato, con la collaborazione e consulenza di C. Kruse, P. Bakker, U. Gianetto 307 $aContiene Appendice 454 0$12001$a<>nieuwe katechismus$950758 610 0 $aCatechismo Olandese$aTesti 676 $a238$v19 710 02$aNederlandse Bisschoppenconferentie$0494693 801 0$aIT$bUNINA$gRICA$2UNIMARC 901 $aBK 912 $a990004579980403321 952 $a238 ISC NIMEGA 1968$bBibl. 43633$fFLFBC 959 $aFLFBC 996 $aNieuwe katechismus$950758 997 $aUNINA LEADER 01284nam a2200313 i 4500 001 991001802469707536 005 20020507151906.0 008 000629s1993 it ||| | ita 020 $a8823802032 035 $ab11566127-39ule_inst 035 $aLE02725435$9ExL 040 $aDip.to Studi Giuridici$bita 082 0 $a340.922 100 1 $aDraetta, Ugo$0132943 245 10$aContratti di subfornitura :$bqualitą e responsabilitą /$cintroduzione di Fausto Pocar ; a cura di Ugo Draetta e Cesare Vaccą 260 $aMilano :$bEGEA,$c[1993] 300 $axiv, 211 p. ;$c23 cm. 490 0 $aQuaderni per l'arbitrato e per i contratti internazionali N.S. ;$v8 500 $aSegue: Appendice. 500 $aIn cop.: Istituto per lo studio e la diffusione dell'arbitrato e del diritto del commercio internazionale, ISDACI 650 4$aSubcontratto di fornitura$xDiritto internazionale privato 700 1 $aVaccą, Cesare 700 1 $aPocar, Fausto 907 $a.b11566127$b01-03-17$c02-07-02 912 $a991001802469707536 945 $aLE027 341.75 ISD02.08$g1$i2027000208739$lle027$o-$pE0.00$q-$rl$s- $t0$u0$v0$w0$x0$y.i11769609$z02-07-02 996 $aContratti di subfornitura$9895464 997 $aUNISALENTO 998 $ale027$b01-01-00$cm$da $e-$fita$git $h0$i1